| 000 | 01232cam a2200313Ia 4500 | ||
|---|---|---|---|
| 001 | CRC0TFE1449PDF | ||
| 003 | BD-DhSAU | ||
| 005 | 20151012144301.0 | ||
| 006 | m|||||o||d|||||||| | ||
| 007 | cr|||| | ||
| 008 | 070829s2008 fluab sb 001 0 eng d | ||
| 020 | _a9780203647295 (ebook : PDF) | ||
| 040 |
_aBD-DhSAU _cBD-DhSAU |
||
| 090 |
_aSH174 _b.T693 2008 |
||
| 092 |
_a571.9517 _bT755 |
||
| 245 | 0 | 4 |
_aThe toxicology of fishes _h[electronic resource] / _cedited by Richard T. Di Giulio, David E. Hinton. |
| 260 |
_aBoca Raton : _bCRC Press, _cc2008. |
||
| 300 |
_axix, 1071 p. : _bill. (some col.), maps. |
||
| 504 | _aIncludes bibliographical references and index. | ||
| 530 |
_aAlso available in print edition. _bCRC Press (http://www.crcpress.com) |
||
| 538 | _aMode of access: World Wide Web. | ||
| 650 | 0 |
_aFishes _xEffect of water pollution on. |
|
| 650 | 0 |
_aWater _xPollution _xToxicology. |
|
| 655 | 7 |
_aElectronic books. _2lcsh |
|
| 700 | 1 |
_aDi Giulio, Richard T. _q(Richard Thomas), _d1950- |
|
| 700 | 1 | _aHinton, David E. | |
| 776 | 1 | _z9780415248686 | |
| 856 | 4 | 0 |
_uhttp://marc.crcnetbase.com/isbn/9780203647295 _qapplication/PDF |
| 999 |
_c11327 _d11326 |
||